Peso Countries Quiz Stats

 Plays Quiz Updated Oct 23, 2012

Score 0/8 Timer 02:00
1 Play Today
Country % Correct
Mexico
97.2%
Argentina
81.8%
Chile
80%
Colombia
76.7%
Uruguay
71.1%
Cuba
65.4%
Dominican Republic
53.3%
Philippines
22.6%

You're not logged in!

Compare scores with friends on all Sporcle quizzes.
OR
Log In

Sporcle TV

Today on Sporcle TV


Watch our educational content, quiz creation guides, and fun videos on Sporcle TV.

Show Comments

Extras

Top Quizzes Today


Score Distribution

Your Account Isn't Verified!

In order to create a playlist on Sporcle, you need to verify the email address you used during registration. Go to your Sporcle Settings to finish the process.

Report this User

Report this user for behavior that violates our Community Guidelines.

Details: